Bharat Ratan Rajeev Gandhi/ (Record no. 178737)

MARC details
000 -LEADER
fixed length control field 00549nam a22001817a 4500
005 - DATE AND TIME OF LATEST TRANSACTION
control field 20210412150421.0
010 ## - LCCN (DPL NO)
LC control number ENG-129445
020 ## - INTERNATIONAL STANDARD BOOK NUMBER
Terms of availability 350.00
International Standard Book Number 978-93-84929-06-0
035 ## - SYSTEM CONTROL NUMBER
System control number EN-112977
037 ## - SOURCE OF ACQUISITION
Source of stock number/acquisition DBAD/PUB
082 ## - DEWEY DECIMAL CLASSIFICATION NUMBER
Classification number 921
100 ## - MAIN ENTRY--PERSONAL NAME
Personal name Varshney, Gillesh
245 ## - TITLE STATEMENT
Title Bharat Ratan Rajeev Gandhi/
Statement of responsibility, etc Gillesh Varshney
260 ## - PUBLICATION, DISTRIBUTION, ETC. (IMPRINT)
Place of publication, distribution, etc Delhi
Name of publisher, distributor, etc Kids knowledge Bank
Date of publication, distribution, etc 2019
270 ## - ADDRESS
Address 7/20,60 Feet Road,Yushishtar Gali
City Delhi
Postal code 110032
300 ## - PHYSICAL DESCRIPTION
Extent 157p.
Dimensions 23cm(hbk)
Other physical details including illustrations
942 ## - ADDED ENTRY ELEMENTS (KOHA)
Source of classification or shelving scheme Dewey Decimal Classification
Item type English Books
Classification part 921
Call number suffix VAR
Holdings
Withdrawn status Lost status Not for loan Collection code Home library Current library Date acquired Source of acquisition Cost, normal purchase price Full call number Barcode Copy number Cost, replacement price Koha item type
      Non-fiction Central Library Central Library 12/04/2021 DBAD/PUB 350.00 921 VAR EN-112977 1 350.00 English Books

© Delhi Public Library
Hit Counter
free hit counter